| 000 | 00821nas a2200253 4500 | ||
|---|---|---|---|
| 001 | BR7800239 | ||
| 003 | BR-BrBNA | ||
| 005 | 20231205083258.0 | ||
| 007 | ta | ||
| 008 | 230509b bl.|||p| |||| 00| 00por d | ||
| 040 |
_aBR-BrBNA _bpor _cBiblioteca Nacional de Agricultura |
||
| 041 | _a(Pt) | ||
| 072 | _aE70 | ||
| 100 | 1 | _aPeixoto, H. | |
| 111 | 1 |
_a14. Reuniao Anual da Sociedade Brasileira de Economia Rural _cVitoria, ES (Brazil) _d5 Sep 1976 |
|
| 245 | 1 | _aDeterminacao de portfolios de venda para soja, face ao risco de mercado [Glycine max] | |
| 650 | _aCOMERCIALIZACAO | ||
| 650 | _aSOJA | ||
| 650 | _aVENDA | ||
| 650 | _aMERCADO | ||
| 773 | 0 |
_tRevista de Economia Rural (Brazil) _xISSN 0100-4905 _g(1977), v. 15(3) p. 106-119 _wBR7800239 |
|
| 909 |
_a202311 _bLúcia _c55 _dLúcia Elande |
||
| 942 |
_2AGRIS _n0 _cANA |
||
| 999 |
_c97679 _d97679 |
||